| 000 | 00721cam a2200265 4500500 | ||
|---|---|---|---|
| 005 | 20260329005645.0 | ||
| 041 | _afre | ||
| 042 | _adc | ||
| 100 | 1 | 0 |
_aKlein, Étienne _eauthor |
| 245 | 0 | 0 | _aPlus vite, plus haut, plus corps ? |
| 260 | _c2024. | ||
| 500 | _a82 | ||
| 690 | _aCapacités | ||
| 690 | _aCorps | ||
| 690 | _aDualisme | ||
| 690 | _aEffort | ||
| 690 | _aEsprit | ||
| 690 | _aÉtienne Klein | ||
| 690 | _aJeux Olympiques | ||
| 690 | _aSpinoza | ||
| 690 | _aSport | ||
| 690 | _aUltra-Trail | ||
| 786 | 0 | _nPhilosophie magazine | 181 | 6 | 2024-07-01 | p. 48-48 | 1951-1787 | |
| 856 | 4 | 1 | _uhttps://shs.cairn.info/magazine-philosophie-magazine-2024-6-page-48?lang=fr&redirect-ssocas=7080 |
| 999 |
_c1845330 _d1845330 |
||